01187 a2200181 4500999001700000020001800017082001900035100002200054100002000076245003300096260002800129300000900157504002200166520058800188650007800776942001200854952013900866 c25763d25763 a9781138484528 a155.915bBEA-M aBeattie, Geoffrey aMcguire, Laura  aPsychology of climate change bRoutledgec2019aLondon a112p aInclude reference aThe Psychology of Climate Change explores the evidence for our changing environment, and suggests that there are significant cognitive biases in how we think about, and act on climate change. The authors examine how organisations have attempted to mobilise the public in the fight against climate change, but these initiatives have often failed due to the public’s unwillingness to adapt their behaviour. The book also explores why some people deny climate change altogether, and the influence that these climate change deniers can have on global action to mitigate further damage. aNature--Psychological aspectsvEnvironmental psychologyvClimatic changes 2ddccBK 00104070aNASSDOCbNASSDOCd2019-12-26eOPg684.78i2019-12-20l0o155.915 BEA-Mp50585r2019-12-27 00:00:00v938.06w2019-12-26yBK